Movies by Image - Tile Select - Statistics

General Stats
  • This quiz has been taken 184 times
  • The average score is 36 of 45
Answer Stats
Question Tile Select % Correct
Which of the images are from Forrest Gump? No
97%
Which of the images are from Forrest Gump? No
97%
Which of the images are from Forrest Gump? No
97%
Which of the images are from The Godfather? No
95%
Which of the images are from Titanic? No
95%
Which of the images are from The Lion King? Yes
95%
Which of the images are from The Lion King? No
95%
Which of the images are from The Lion King? No
95%
Which of the images are from The Lion King? No
95%
Which of the images are from Forrest Gump? No
94%
Which of the images are from Titanic? Yes
94%
Which of the images are from The Godfather? Yes
93%
Which of the images are from Titanic? No
93%
Which of the images are from The Dark Knight? No
93%
Which of the images are from The Godfather? No
92%
Which of the images are from Titanic? Yes
91%
Which of the images are from The Lion King? No
91%
Which of the images are from Forrest Gump? Yes
89%
Which of the images are from The Lion King? Yes
89%
Which of the images are from Titanic? No
87%
Which of the images are from Forrest Gump? Yes
85%
Which of the images are from Titanic? Yes
85%
Which of the images are from The Dark Knight? No
85%
Which of the images are from The Dark Knight? Yes
85%
Which of the images are from Titanic? No
84%
Which of the images are from The Godfather? No
82%
Which of the images are from The Lion King? Yes
81%
Which of the images are from The Lion King? Yes
80%
Which of the images are from The Godfather? No
79%
Which of the images are from Forrest Gump? Yes
77%
Which of the images are from The Dark Knight? Yes
74%
Which of the images are from Forrest Gump? Yes
73%
Which of the images are from The Godfather? Yes
73%
Which of the images are from The Dark Knight? No
67%
Which of the images are from Titanic? No
66%
Which of the images are from Forrest Gump? Yes
60%
Which of the images are from The Dark Knight? No
60%
Which of the images are from The Godfather? No
59%
Which of the images are from The Lion King? Yes
58%
Which of the images are from The Godfather? Yes
57%
Which of the images are from The Dark Knight? Yes
57%
Which of the images are from The Dark Knight? Yes
55%
Which of the images are from Titanic? Yes
48%
Which of the images are from The Godfather? Yes
41%
Which of the images are from The Dark Knight? Yes
29%
No matching quizzes found
Score Distribution
Percent of People with Each Score
Percentile by Number Answered
Your Score History
You have not taken this quiz